000 00907nam a2200229Ia 4500
003 GCL
005 20240530110914.0
008 140319s9999 xx 000 0 ara d
040 _aGCL /
_cGCL
082 0 4 _a320.973
_bك ر
100 1 _aكلينتون ، بيل
245 1 0 _aرؤية لتغيير امريكا :
_bالاهتمام بالناس اولا /
_cبيل كلينتون ، ال جور
300 _a243 ص
490 _aالهيئة العامة للاستعلامات
_v0
650 0 4 _aالولايات المتحدة الامريكية
650 0 4 _aالولايات المتحدة الامريكية - الثقافة
650 0 4 _aالحملات الانتخابية
650 0 4 _aالجريمة - الولايات المتحدة
650 0 4 _aالولايات المتحدة الامريكية - الاحوال الاجتماعية
700 1 _aجور، آل
942 _2ddc
_cBK
999 _c66358
_d66358